000 00537nam a2200181Ia 4500
005 20250923145837.0
008 008 250917s9999 xx 000 0 eng d
037 _aReports
040 _aDSWL
_beng
_cDSWL
041 _aeng
_2eng
084 _aY11:45:(Z).235r, N90
_qDSWL
245 0 _aJuvenile justice administration report
260 _aPune
_b Kare Instt. of Social Service
_c1990
365 _aINR
_b40.00+15.00p
925 _g40.00+15.00p
942 _cREP
_hY11:45:(Z).235r, N90
999 _c1456405
_d1456405